| 000 | 00531nam a2200229Ia 4500 | ||
|---|---|---|---|
| 005 | 20250425162653.0 | ||
| 008 | 250425s9999 xx 000 0 und d | ||
| 020 | _a950971531X | ||
| 041 | _aspa | ||
| 043 | _aag | ||
| 082 | _a574.52636 | ||
| 100 | _aLOPRETTO, ESTELA C. | ||
| 245 | 0 | _aECOSISTEMAS DE AGUAS CONTINENTALES | |
| 250 | _aS.E | ||
| 260 |
_aArgentina _bEDICIONES SUR _c1995 |
||
| 260 | _aLA PLATA | ||
| 300 | _a377 | ||
| 650 | _aECOSISTEMAS | ||
| 700 | _aTELL, GUILLERMO | ||
| 942 | _c01 | ||
| 010 | _a95452 | ||
| 999 |
_c234025 _d234025 |
||